| 000 | 00736nam a22002177a 4500 | ||
|---|---|---|---|
| 003 | BUBTL | ||
| 008 | 230321b ||||| |||| 00| 0 eng d | ||
| 020 | _a9781844679768 | ||
| 082 | _a325.3/ C431p/ 2013 | ||
| 100 |
_95246 _aChibber, Vivek |
||
| 245 |
_aPostcolonial theory and the specter of capital / _cVivek Chibber |
||
| 250 | _a1st Edn | ||
| 260 |
_aLondon: _bVerso, _cc2013 |
||
| 300 |
_aix, 306 p.: _c22 cm. |
||
| 500 | _aIncludes bibliographical references and index | ||
| 505 | _aPostcolonial theory and the specter of capital, Postcolonial theory, Vivek Chibber, English, English Literature | ||
| 650 | 0 |
_91994 _aEnglish Literature |
|
| 856 |
_k0 _l0 _yDownload |
||
| 942 |
_2ddc _cBK |
||
| 999 |
_c6993 _d6993 |
||